Dám hạnh phúc

Nội dung sách giới thiệu học thuyết tâm lý của Adler như người khách xấu, ta tội nghiệp. Tại sao lại phủ định "thưởng phạt". Từ nguyên lý cạnh tranh đến nguyên lý hợp tác. Hãy cho đi, nếu không sẽ không được nhận lại. Hãy chọn cuộ...

Cur síos iomlán

Đã lưu trong:
Sonraí Bibleagrafaíochta
Príomhúdar: Ichiro, Kishimi
Formáid: Leabhar
Teanga:Undetermined
Foilsithe: Hà Nội Lao động 2018
Ábhair:
Clibeanna: Cuir Clib Leis
Gan Chlibeanna, Bí ar an gcéad duine leis an taifead seo a chlibeáil!
Thư viện lưu trữ: Trung tâm Học liệu Trường Đại học Cần Thơ
LEADER 00945nam a2200205Ia 4500
001 CTU_230981
008 210402s9999 xx 000 0 und d
020 |c 110000 
082 |a 150.1953 
082 |b I.16 
100 |a Ichiro, Kishimi 
245 0 |a Dám hạnh phúc 
245 0 |c Kishimi Ichiro, Koga Fumitake ; Nguyễn Thanh Vân (dịch) 
260 |a Hà Nội 
260 |b Lao động 
260 |c 2018 
520 |a Nội dung sách giới thiệu học thuyết tâm lý của Adler như người khách xấu, ta tội nghiệp. Tại sao lại phủ định "thưởng phạt". Từ nguyên lý cạnh tranh đến nguyên lý hợp tác. Hãy cho đi, nếu không sẽ không được nhận lại. Hãy chọn cuộc đời yêu thương. 
650 |a Hạnh phúc,Happiness 
910 |b dqhieu 
980 |a Trung tâm Học liệu Trường Đại học Cần Thơ